[Event "NOR-chT Eliteserien 2018-19"]
[Site "Norway"]
[Date "2019.01.13"]
[Round "6"]
[White "Hauge, Lars Oskar"]
[Black "Haldorsen, Benjamin"]
[Result "1-0"]
[WhiteElo "2466"]
[BlackElo "2454"]
[Annotator "TA"]
[PlyCount "65"]
[EventDate "2018.11.02"]
[EventType "team-tourn"]
[EventCountry "NOR"]
[SourceTitle "playchess.com"]
[Source "ChessBase"]
[SourceQuality "1"]

{[%evp 19,65,33,30,34,36,33,40,17,58,45,62,68,79,75,93,98,111,111,111,113,113,113,108,111,113,107,125,92,86,94,91,90,104,106,311,300,324,291,364,360,367,360,645,646,621,594,639,629]} 1. e4 g6 2. d4 Bg7 3. Nc3 d5 4. exd5 Nf6 5. Bc4 Nbd7 6. Bb3 {B06: Modern Defence} Nb6 7. Nf3 O-O 8. O-O a5 9. a3 a4 10. Ba2 Nbxd5 {LiveBook: 9 Games} 11. Nxd5 Nxd5 12. Re1 c6 13. Bg5 Bf6 14. Qd2 {[#]} Qa5 $146 15. c3 Bf5 16. h3 Rad8 17. Re2 b5 18. Rae1 Qc7 19. Bxd5 Rxd5 20. Rxe7 Bxe7 21. Rxe7 Qd6 {[#] And now ...f6 would win.} 22. Qe3 $1 Be6 23. Nd2 Rxg5 24. Qxg5 {Black must now prevent Ne4.} f6 25. Qc5 Qxc5 26. dxc5 $16 {[%mdl 4096] Endgame KRB-KRN} Rd8 $2 {[#]} (26... Bd5 $16) 27. Ne4 $18 ({Not} 27. Rxe6 Rxd2 28. Rxc6 (28. Rxf6 Rxb2 29. Rxc6 Rb1+ 30. Kh2 Rb3 $14) 28... Kf7 $16) 27... Rd1+ 28. Kh2 Bf7 29. Nxf6+ Kg7 30. Nxh7 Rd2 $2 (30... Kg8 31. Nf6+ Kg7) 31. Ng5 {White is clearly winning.} Kf6 32. Ne4+ ({Inferior is} 32. Nxf7 Kxe7 33. Ne5 Rxb2 $17) 32... Kxe7 33. Nxd2 {Accuracy: White = 83%, Black = 38%.} 1-0

[Event "NOR-chT Eliteserien 2018-19"]
[Site "Norway"]
[Date "2019.01.13"]
[Round "6"]
[White "Gausel, Einar J"]
[Black "Bern, Ivar"]
[Result "1-0"]
[WhiteElo "2447"]
[BlackElo "2302"]
[Annotator "TA"]
[PlyCount "75"]
[EventDate "2018.11.02"]
[EventType "team-tourn"]
[EventCountry "NOR"]
[SourceTitle "playchess.com"]
[Source "ChessBase"]
[SourceQuality "1"]

{[%evp 13,75,14,52,20,45,27,27,26,19,22,103,113,110,117,220,203,209,209,245,243,325,241,272,240,233,216,218,211,218,218,215,241,229,214,241,254,222,216,322,300,310,303,333,328,333,339,329,271,404,313,484,471,510,458,510,521,29984,29985,29985,29986,29986,29987,29987,29988]} 1. d4 f5 2. c4 Nf6 3. Nc3 e6 4. Nf3 Bb4 5. Bd2 O-O 6. g3 Qe7 {A85: Dutch Defence: 2 c4 Nf6 3 Nc3} 7. Bg2 Ne4 {LiveBook: 3 Games} 8. Rc1 $146 ({Predecessor:} 8. Nxe4 fxe4 9. Ne5 d5 10. O-O Nd7 11. Bf4 Nxe5 12. Bxe5 Bd6 13. Bxd6 Qxd6 14. Qb3 {½-½ (26) Onischuk,A (2701)-Ivanchuk,V (2739) Reggio Emilia 2010}) 8... c6 {The position is equal.} 9. O-O Nxd2 10. Qxd2 d5 11. c5 Nd7 {[#]} (11... Qe8 $11 {keeps the balance.}) 12. Nxd5 $1 $16 exd5 13. Qxb4 Qxe2 (13... f4 $16) 14. Rfe1 $18 a5 {Threatens to win with ...Qxf3.} 15. Qb3 ({Not} 15. Rxe2 axb4 16. Ra1 f4 $14) 15... Qa6 16. Re7 f4 17. gxf4 a4 18. Qe3 {Hoping for Qe6+.} Nf6 19. Ne5 {Qg3 is the strong threat.} Qa5 20. Qg3 {[%csl Ge7][%cal Rg3g7]} Nh5 21. Qg5 Qd8 {[#]} 22. Nxc6 $1 bxc6 23. Rce1 Bd7 {Strongly threatening ...Rf5.} 24. Qxh5 Rf5 25. Qf3 Rf7 (25... Rf6 $142 26. R1e5 Kf8) 26. Rxf7 Kxf7 27. Bh3 Kg8 28. Be6+ Bxe6 29. Rxe6 {[%mdl 4096] Endgame KQR-KQR} Qd7 30. Rd6 Qc7 (30... Qe8 {keeps fighting.} 31. f5 Ra7) 31. Qe3 Rf8 (31... Qc8 $142 32. Re6 Qd7) 32. Qe6+ Kh8 33. f5 Qb7 34. Rxc6 Qxb2 35. Rc8 {[%cal Rc8f8] White mates.} Qc1+ 36. Kg2 {[%cal Rc8f8]} Qg5+ 37. Kf3 {[%cal Rc8f8]} Qh5+ 38. Ke3 {Accuracy: White = 73%, Black = 38%.} 1-0

[Event "NOR-chT Eliteserien 2018-19"]
[Site "Norway"]
[Date "2019.01.13"]
[Round "6"]
[White "Ostmoe, Geir Sune Tallaksen"]
[Black "Galchenko, Matvey"]
[Result "1/2-1/2"]
[WhiteElo "2434"]
[BlackElo "2361"]
[Annotator "TA"]
[PlyCount "79"]
[EventDate "2018.11.02"]
[EventType "team-tourn"]
[EventCountry "NOR"]
[SourceTitle "playchess.com"]
[Source "ChessBase"]
[SourceQuality "1"]

{[%evp 12,79,20,15,4,-10,0,0,2,0,0,-17,-7,-14,25,16,52,55,82,77,89,19,41,20,19,-125,81,71,76,76,83,90,83,92,335,295,238,71,72,74,64,62,195,186,167,0,0,0,161,0,0,0,0,0,0,0,0,0,0,0,0,0,0,0,0,0,0,0,0,0]} 1. d4 Nf6 2. Nf3 e6 3. Bg5 h6 4. Bxf6 Qxf6 5. e4 d6 6. Nc3 a6 7. Qd2 {LiveBook: 19 Games. A46: 1 d4 Nf6 2 Nf3 e6: Torre, London and Colle Systems} Qd8 (7... Nc6 8. O-O-O g5 9. e5 dxe5 10. Nxe5 Nxe5 11. dxe5 Qf4 12. Qxf4 gxf4 13. g3 fxg3 14. hxg3 Bd7 {½-½ (22) Sedlak,N (2583)-Naumkin,I (2394) Backi Petrovac 2018}) 8. O-O-O Be7 9. h4 b5 10. Rh3 Nd7 11. Rg3 $146 ({Predecessor:} 11. Qf4 Bb7 12. Kb1 c5 13. dxc5 Nxc5 {0-1 (40) Chow,S (2199)-Suttor,V (1904) Mount Buller 2005}) 11... g6 12. e5 d5 13. Bd3 $36 {[%mdl 2048] White is pushing.} Nf8 14. Ne2 c5 15. dxc5 Bxc5 16. Nfd4 (16. h5 $16) 16... h5 17. b4 Bb6 18. Bxb5+ (18. a4 $11) 18... Bd7 $2 (18... axb5 $17 19. Nxb5 Nd7 20. Nd6+ Kf8) 19. Bxd7+ $1 $16 Nxd7 20. Rxg6 Bxd4 21. Nxd4 fxg6 22. Nxe6 {[%mdl 64] Discovered Attack} Qb6 $2 (22... Qb8 $16 {might work better.}) 23. Qxd5 $18 {[%csl Gd1][%cal Rd5d7][%mdl 64] Double Attack} Ra7 {[#]} 24. Ng5 $2 (24. Nc5 $1 $18 {[%cal Rc5d7]} Nf8 25. e6) 24... Rf8 25. e6 Nf6 26. Qd3 Ke7 (26... Rg8 $14) 27. Qxg6 {Black must now prevent Qg7+.} Qxf2 28. Qg7+ Ke8 29. Qg6+ Ke7 {[#]} 30. a3 $2 (30. Nf3 $1 $18) 30... Qe3+ $11 {The position is equal.} 31. Kb1 Qxa3 32. Qg7+ Ke8 33. Qg6+ Ke7 34. Qg7+ Ke8 35. Rd8+ {[%mdl 64] Decoy} Kxd8 36. Qxf8+ Kc7 {Hoping for ...Rb7.} 37. Qe7+ Kc8 38. Qf8+ Kc7 {Threatens to win with ...Rb7.} 39. Qc5+ Kb8 40. Qf8+ {[%mdl 64] Double Attack. Accuracy: White = 49%, Black = 46%.} 1/2-1/2

[Event "NOR-chT Eliteserien 2018-19"]
[Site "Norway"]
[Date "2019.01.13"]
[Round "6"]
[White "Hansen, Torbjorn Ringdal"]
[Black "Risting, Eivind Olav"]
[Result "1-0"]
[WhiteElo "2419"]
[BlackElo "2281"]
[Annotator "TA"]
[PlyCount "79"]
[EventDate "2018.11.02"]
[EventType "team-tourn"]
[EventCountry "NOR"]
[SourceTitle "playchess.com"]
[Source "ChessBase"]
[SourceQuality "1"]

{[%evp 16,79,33,9,40,37,36,39,51,47,46,-33,0,0,0,0,0,0,-4,-78,0,-19,80,78,78,74,66,14,23,36,5,0,33,36,34,28,36,36,27,31,94,96,102,89,117,93,148,35,35,35,172,168,157,157,144,147,149,150,154,156,29996,29997,29997,29998,29998,29999]} 1. e4 c5 2. Nf3 d6 3. Bb5+ Nd7 4. Ba4 (4. O-O a6 5. Bd3 Ngf6 6. Re1 e6 7. a4 b6 8. b3 Bb7 9. Bb2 Be7 10. Na3 O-O 11. e5 Ne8 12. Nc4 d5 {½-½ (31) Amin,B (2709)-Saric,I (2692) Zagreb 2018}) 4... Ngf6 5. O-O a6 6. c4 {B51: Sicilian: Moscow Variation (3 Bb5+) without 3...Bd7} g6 7. Nc3 Bg7 8. d3 O-O 9. h3 {LiveBook: 13 Games} Ne5 10. Nxe5 dxe5 11. a3 $146 ({Predecessor:} 11. Rb1 Qd6 {½-½ (33) Sadzikowski,D (2567)-Banikas,H (2591) Rio Achaea 2018}) 11... Nh5 12. Be3 Nf4 13. Bxc5 (13. Nd5 $14) 13... Bxh3 (13... b5 $5 14. cxb5 Ne6 $16) 14. Nd5 $1 Bxg2 15. Nxf4 Bxf1 16. Nd5 Bh3 17. Qf3 (17. Kh2 $11 {remains equal.}) 17... b5 (17... Qa5 $17 18. Bxe7 Be6) 18. cxb5 Be6 (18... Bd7 $1 $11 {keeps the balance.}) 19. Nxe7+ $16 Kh8 {Strongly threatening ...Qa5.} 20. b6 Bd7 21. Bb3 (21. Bxd7 $14 Qxd7 22. Rc1) 21... Rb8 $11 22. Nd5 Be6 23. Bxf8 Qxf8 24. Rc1 Bxd5 25. Bxd5 Rxb6 26. b4 Qd8 27. Qg4 {Black must now prevent Rc8.} Rb8 (27... f5 $14 28. Qg2 (28. exf5 h5 $11) 28... Rf6) 28. Bxf7 $16 Bh6 29. Rc3 Bd2 30. Rc6 Qxd3 (30... Qe7 $142) 31. Bd5 $40 {[%mdl 128] White has some attack.} (31. Qh4 $16 {[%cal Rh4f6]} Qd8 32. Qxd8+ Rxd8 33. Rxa6) 31... Rf8 $14 {[#]} 32. Rxg6 $1 {[%mdl 512] White threatens Rg8+ and mate.} hxg6 ({Better is} 32... Qb1+ $14 33. Kg2 Rxf2+ 34. Kxf2 Qe1+ 35. Kg2 hxg6) 33. Qh4+ $18 Kg7 {And now ...Rf4 would win.} 34. Qe7+ {[%mdl 64] Double Attack} Kh6 {( -> ...Rf4)} 35. Qxf8+ Kh5 36. Qh8+ {[%mdl 64] [#] Double Attack} Kg4 37. Be6+ Kf3 $2 (37... Kg5 $16) 38. Qh1+ {White mates.} Ke2 39. Bg4+ Ke1 40. Kg2+ {Accuracy: White = 56%, Black = 27%.} 1-0

[Event "NOR-chT Eliteserien 2018-19"]
[Site "Norway"]
[Date "2019.01.13"]
[Round "6"]
[White "Kaasen, Tor Fredrik"]
[Black "Liabotro, Ola"]
[Result "1-0"]
[WhiteElo "2409"]
[BlackElo "2075"]
[Annotator "NA"]
[PlyCount "61"]
[EventDate "2018.11.02"]
[EventType "team-tourn"]
[EventCountry "NOR"]
[SourceTitle "playchess.com"]
[Source "ChessBase"]
[SourceQuality "1"]
[TimeControl "40/5400+30:1800+30"]

1. c4 {[%emt 0:03:33]} c5 {[%emt 0:00:31]} 2. g3 {[%emt 0:00:24]} g6 {[%emt 0:01:28]} 3. Bg2 {[%emt 0:00:22]} Bg7 {[%emt 0:00:06]} 4. Nf3 {[%emt 0:00:21]} Nc6 {[%emt 0:01:04]} 5. O-O {[%emt 0:00:22]} e5 {[%emt 0:01:38]} 6. Nc3 {[%emt 0:01:05]} Nge7 {[%emt 0:00:21]} 7. d3 {[%emt 0:01:28]} O-O {[%emt 0:00:34]} 8. Bd2 {[%emt 0:02:28]} d6 {[%emt 0:01:25]} 9. Qc1 {[%emt 0:01:03]} a6 {[%emt 0:10:44]} 10. a3 {[%emt 0:07:42]} Rb8 {[%emt 0:02:28]} 11. Rb1 {[%emt 0:00:30]} Bg4 {[%emt 0:16:35]} 12. Re1 {[%emt 0:05:59]} b5 {[%emt 0:04:56]} 13. cxb5 {[%emt 0:01:03]} axb5 {[%emt 0:00:09]} 14. b4 {[%emt 0:00:06]} c4 {[%emt 0:05:38]} 15. dxc4 {[%emt 0:03:02]} bxc4 {[%emt 0:00:08]} 16. Bh6 {[%emt 0:00:26]} Bxf3 {[%emt 0:05:22]} 17. exf3 {[%emt 0:00:45]} Nd4 {[%emt 0:00:24]} 18. Bxg7 {[%emt 0:00:58]} Kxg7 {[%emt 0:00:06]} 19. f4 {[%emt 0:00:11]} Nb3 {[%emt 0:05:49]} 20. Qb2 {[%emt 0:00:51]} f6 {[%emt 0:04:47]} 21. Rbd1 {[%emt 0:01:39]} Nf5 {[%emt 0:05:30]} 22. Nd5 {[%emt 0:03:07]} Nfd4 {[%emt 0:06:27]} 23. fxe5 {[%emt 0:06:07]} fxe5 {[%emt 0:00:11]} 24. f4 {[%emt 0:00:05]} Nc5 {[%emt 0:04:43]} 25. Rxd4 {[%emt 0:01:14]} Na4 {[%emt 0:01:33]} 26. Qf2 {[%emt 0:00:08]} exd4 {[%emt 0:12:20]} 27. Qxd4+ {[%emt 0:00:06]} Kf7 {[%emt 0:01:07]} 28. Qa7+ {[%emt 0:00:47]} Kg8 {[%emt 0:00:17]} 29. Qxa4 {[%emt 0:00:05]} Rf7 {[%emt 0:01:39]} 30. Qc2 {[%emt 0:00:35]} Rc8 {[%emt 0:00:40]} 31. Bh3 {[%emt 0:00:06]} 1-0

[Event "NOR-chT Eliteserien 2018-19"]
[Site "Norway"]
[Date "2019.01.13"]
[Round "6"]
[White "Haug, Johannes"]
[Black "Royset, Pal"]
[Result "1-0"]
[WhiteElo "2402"]
[BlackElo "2165"]
[Annotator "NA"]
[PlyCount "121"]
[EventDate "2018.11.02"]
[EventType "team-tourn"]
[EventCountry "NOR"]
[SourceTitle "playchess.com"]
[Source "ChessBase"]
[SourceQuality "1"]
[TimeControl "40/5400+30:1800+30"]

1. d4 {[%emt 0:05:19]} Nf6 {[%emt 0:00:45]} 2. c4 {[%emt 0:00:07]} e6 {[%emt 0:00:47]} 3. Nf3 {[%emt 0:00:21]} d5 {[%emt 0:02:00]} 4. Nc3 {[%emt 0:02:07]} Be7 {[%emt 0:02:04]} 5. Bf4 {[%emt 0:00:08]} O-O {[%emt 0:02:30]} 6. e3 {[%emt 0:00:09]} c5 {[%emt 0:01:58]} 7. dxc5 {[%emt 0:00:20]} Bxc5 {[%emt 0:02:00]} 8. a3 {[%emt 0:00:07]} Nc6 {[%emt 0:02:52]} 9. Qc2 {[%emt 0:00:19]} Qa5 {[%emt 0:04:24]} 10. Rd1 {[%emt 0:00:07]} Re8 {[%emt 0:06:53]} 11. Nd2 {[%emt 0:05:37]} Bf8 {[%emt 0:12:27]} 12. Nb3 {[%emt 0:14:12]} Qb6 {[%emt 0:02:33]} 13. Bg5 {[%emt 0:07:12]} dxc4 {[%emt 0:11:14]} 14. Bxc4 {[%emt 0:00:10]} Ng4 {[%emt 0:07:33]} 15. Be2 {[%emt 0:05:55]} Nge5 {[%emt 0:00:56]} 16. O-O {[%emt 0:00:07]} a6 {[%emt 0:01:11]} 17. e4 {[%emt 0:04:09]} Na5 {[%emt 0:02:27]} 18. Nd2 {[%emt 0:11:05]} Qc7 {[%emt 0:05:11]} 19. b4 {[%emt 0:04:24]} Nac6 {[%emt 0:00:35]} 20. Be3 {[%emt 0:01:44]} b5 {[%emt 0:07:39]} 21. f4 {[%emt 0:02:33]} Nd7 {[%emt 0:00:32]} 22. e5 {[%emt 0:04:25]} Bb7 {[%emt 0:02:16]} 23. Nde4 {[%emt 0:00:09]} Rad8 {[%emt 0:02:21]} 24. Bd3 {[%emt 0:03:42]} h6 {[%emt 0:02:28]} 25. Qf2 {[%emt 0:02:10]} Ncb8 {[%emt 0:02:40]} 26. Rc1 {[%emt 0:04:21]} Bc6 {[%emt 0:00:26]} 27. Bb1 {[%emt 0:00:33]} Qb7 {[%emt 0:00:29]} 28. Qg3 {[%emt 0:02:53]} Kh8 {[%emt 0:03:46]} 29. Ng5 {[%emt 0:03:21]} Nb6 {[%emt 0:02:38]} 30. Nxf7+ {[%emt 0:01:56]} Qxf7 {[%emt 0:00:05]} 31. Bxb6 {[%emt 0:00:07]} Rd2 {[%emt 0:00:23]} 32. Ne4 {[%emt 0:01:15]} Rb2 {[%emt 0:00:38]} 33. Rxc6 {[%emt 0:04:40]} Nxc6 {[%emt 0:00:50]} 34. Qc3 {[%emt 0:02:15]} Rxb1 {[%emt 0:00:47]} 35. Rxb1 {[%emt 0:00:25]} Qb7 {[%emt 0:01:47]} 36. Bc5 {[%emt 0:02:02]} Bxc5+ {[%emt 0:01:30]} 37. Qxc5 {[%emt 0:00:40]} Rb8 {[%emt 0:02:40]} 38. Rd1 {[%emt 0:04:07]} Nd8 {[%emt 0:00:38]} 39. Qf8+ {[%emt 0:03:22]} Kh7 {[%emt 0:00:05]} 40. Nc5 {[%emt 0:00:47]} Nf7 {[%emt 0:03:37]} 41. Rd7 {[%emt 0:05:01]} Qxg2+ {[%emt 0:11:00]} 42. Kxg2 {[%emt 0:00:13]} Rxf8 {[%emt 0:00:02]} 43. Nxe6 {[%emt 0:01:03]} Re8 {[%emt 0:00:02]} 44. Nc7 {[%emt 0:01:19]} Nxe5 {[%emt 0:00:10]} 45. Rxg7+ {[%emt 0:01:13]} Kxg7 {[%emt 0:01:00]} 46. Nxe8+ {[%emt 0:00:09]} Kf8 {[%emt 0:06:44]} 47. fxe5 {[%emt 0:00:05]} Kxe8 {[%emt 0:00:04]} 48. Kf3 {[%emt 0:00:37]} Kf7 {[%emt 0:00:24]} 49. Ke4 {[%emt 0:00:32]} Ke6 {[%emt 0:00:26]} 50. h3 {[%emt 0:00:08]} Ke7 {[%emt 0:02:07]} 51. Kf5 {[%emt 0:00:22]} Kf7 {[%emt 0:00:19]} 52. e6+ {[%emt 0:01:13]} Ke7 {[%emt 0:03:38]} 53. Ke5 {[%emt 0:00:18]} h5 {[%emt 0:02:40]} 54. h4 {[%emt 0:00:05]} Ke8 {[%emt 0:00:31]} 55. Kf6 {[%emt 0:00:04]} Kf8 {[%emt 0:00:12]} 56. e7+ {[%emt 0:01:10]} Ke8 {[%emt 0:00:05]} 57. Ke6 {[%emt 0:00:21]} a5 {[%emt 0:00:04]} 58. bxa5 {[%emt 0:00:05]} b4 {[%emt 0:00:02]} 59. a6 {[%emt 0:00:12]} bxa3 {[%emt 0:00:06]} 60. a7 {[%emt 0:00:06]} a2 {[%emt 0:00:01]} 61. a8=Q# {[%emt 0:00:08]} 1-0

[Event "NOR-chT Eliteserien 2018-19"]
[Site "Norway"]
[Date "2019.01.13"]
[Round "6"]
[White "Tisdall, Jonathan D"]
[Black "Flermoen, Peter"]
[Result "1-0"]
[WhiteElo "2399"]
[BlackElo "2314"]
[Annotator "NA"]
[PlyCount "49"]
[EventDate "2018.11.02"]
[EventType "team-tourn"]
[EventCountry "NOR"]
[SourceTitle "playchess.com"]
[Source "ChessBase"]
[SourceQuality "1"]
[TimeControl "40/5400+30:1800+30"]

1. Nf3 {[%emt 0:00:00]} Nf6 {[%emt 0:00:00]} 2. c4 {[%emt 0:00:00]} g6 {[%emt 0:00:00]} 3. Nc3 {[%emt 0:00:00]} d5 {[%emt 0:00:00]} 4. cxd5 {[%emt 0:00:04]} Nxd5 {[%emt 0:00:07]} 5. Qb3 {[%emt 0:00:10]} Nb6 {[%emt 0:01:25]} 6. d4 {[%emt 0:00:13]} Bg7 {[%emt 0:00:30]} 7. Bg5 {[%emt 0:00:09]} O-O {[%emt 0:01:50]} 8. Rd1 {[%emt 0:00:40]} h6 {[%emt 0:07:14]} 9. Bc1 {[%emt 0:07:39]} a5 {[%emt 0:04:45]} 10. e4 {[%emt 0:05:06]} a4 {[%emt 0:02:57]} 11. Qc2 {[%emt 0:01:10]} c6 {[%emt 0:01:49]} 12. Be2 {[%emt 0:03:21]} Be6 {[%emt 0:02:57]} 13. O-O {[%emt 0:02:50]} Na6 {[%emt 0:01:49]} 14. Ne5 {[%emt 0:03:49]} Nb4 {[%emt 0:04:15]} 15. Qb1 {[%emt 0:00:31]} Kh7 {[%emt 0:11:56]} 16. f4 {[%emt 0:03:15]} f5 {[%emt 0:03:56]} 17. g4 {[%emt 0:08:33]} fxe4 {[%emt 0:23:03]} 18. Qxe4 {[%emt 0:10:52]} Bxe5 {[%emt 0:09:36]} 19. dxe5 {[%emt 0:05:24]} N6d5 {[%emt 0:00:34]} 20. f5 {[%emt 0:13:40]} Qb6+ {[%emt 0:02:20]} 21. Kh1 {[%emt 0:03:21]} Nxc3 {[%emt 0:01:34]} 22. bxc3 {[%emt 0:00:06]} Bd5 {[%emt 0:00:26]} 23. Rxd5 {[%emt 0:00:06]} Nxd5 {[%emt 0:00:26]} 24. Bd3 {[%emt 0:00:35]} Nxc3 {[%emt 0:16:59]} 25. Qf4 {[%emt 0:01:05]} 1-0

[Event "NOR-chT Eliteserien 2018-19"]
[Site "Norway"]
[Date "2019.01.13"]
[Round "6"]
[White "Nilsen, Joachim Birger"]
[Black "Mihajlov, Sebastian"]
[Result "1-0"]
[WhiteElo "2397"]
[BlackElo "2363"]
[Annotator "NA"]
[PlyCount "109"]
[EventDate "2018.11.02"]
[EventType "team-tourn"]
[EventCountry "NOR"]
[SourceTitle "playchess.com"]
[Source "ChessBase"]
[SourceQuality "1"]
[TimeControl "40/5400+30:1800+30"]

1. d4 {[%emt 0:02:07]} Nf6 {[%emt 0:21:03]} 2. Nf3 {[%emt 0:01:02]} g6 {[%emt 0:01:44]} 3. c4 {[%emt 0:00:34]} Bg7 {[%emt 0:00:05]} 4. Nc3 {[%emt 0:01:14]} O-O {[%emt 0:00:06]} 5. e4 {[%emt 0:00:56]} d6 {[%emt 0:00:17]} 6. Be2 {[%emt 0:01:46]} e5 {[%emt 0:00:30]} 7. O-O {[%emt 0:01:16]} Nc6 {[%emt 0:00:11]} 8. d5 {[%emt 0:00:56]} Ne7 {[%emt 0:00:16]} 9. b4 {[%emt 0:00:44]} a5 {[%emt 0:00:25]} 10. Ba3 {[%emt 0:01:37]} axb4 {[%emt 0:01:04]} 11. Bxb4 {[%emt 0:00:40]} b6 {[%emt 0:00:08]} 12. a4 {[%emt 0:00:33]} Re8 {[%emt 0:00:35]} 13. Ne1 {[%emt 0:10:34]} Bf8 {[%emt 0:13:30]} 14. Nd3 {[%emt 0:06:41]} c5 {[%emt 0:00:55]} 15. Ba3 {[%emt 0:00:35]} Bg7 {[%emt 0:00:19]} 16. Bc1 {[%emt 0:02:17]} Rf8 {[%emt 0:07:37]} 17. Qb3 {[%emt 0:04:00]} Nd7 {[%emt 0:03:05]} 18. Nb5 {[%emt 0:10:29]} Nf6 {[%emt 0:00:09]} 19. f3 {[%emt 0:01:23]} Ne8 {[%emt 0:00:18]} 20. Bd2 {[%emt 0:04:51]} f5 {[%emt 0:00:13]} 21. Nf2 {[%emt 0:05:00]} f4 {[%emt 0:04:44]} 22. a5 {[%emt 0:01:14]} bxa5 {[%emt 0:00:05]} 23. Ra4 {[%emt 0:01:20]} g5 {[%emt 0:01:43]} 24. Rfa1 {[%emt 0:02:39]} Ng6 {[%emt 0:01:13]} 25. Rxa5 {[%emt 0:00:54]} Rxa5 {[%emt 0:00:05]} 26. Rxa5 {[%emt 0:00:26]} h5 {[%emt 0:05:35]} 27. Ra8 {[%emt 0:01:20]} Qd7 {[%emt 0:03:56]} 28. Ba5 {[%emt 0:06:47]} Qb7 {[%emt 0:03:18]} 29. Ra7 {[%emt 0:02:04]} Qb8 {[%emt 0:00:01]} 30. Qa3 {[%emt 0:05:19]} Rf7 {[%emt 0:01:36]} 31. Bd8 {[%emt 0:03:41]} Bh6 {[%emt 0:05:44]} 32. Ra8 {[%emt 0:01:55]} Qb7 {[%emt 0:00:02]} 33. Qa5 {[%emt 0:01:07]} Kg7 {[%emt 0:03:00]} 34. Bd1 {[%emt 0:02:39]} Bd7 {[%emt 0:03:44]} 35. Ra7 {[%emt 0:01:54]} Qb8 {[%emt 0:00:05]} 36. Nc7 {[%emt 0:03:31]} g4 {[%emt 0:06:28]} 37. Nxe8+ {[%emt 0:00:43]} Bxe8 {[%emt 0:00:05]} 38. Rxf7+ {[%emt 0:00:05]} Bxf7 {[%emt 0:00:14]} 39. fxg4 {[%emt 0:00:54]} hxg4 {[%emt 0:00:07]} 40. Nxg4 {[%emt 0:01:09]} Qb1 {[%emt 0:00:04]} 41. Qe1 {[%emt 0:32:05]} Be8 {[%emt 0:35:14]} 42. Nxh6 {[%emt 0:00:00]} Kxh6 {[%emt 0:00:00]} 43. Kf1 {[%emt 0:00:00]} Kg7 {[%emt 0:00:00]} 44. h4 {[%emt 0:00:00]} Nh8 {[%emt 0:00:00]} 45. Bf3 {[%emt 0:00:00]} Qa2 {[%emt 0:00:00]} 46. h5 {[%emt 0:00:00]} Qxc4+ {[%emt 0:00:00]} 47. Kg1 {[%emt 0:00:00]} Nf7 {[%emt 0:00:00]} 48. Be7 {[%emt 0:00:00]} Qb4 {[%emt 0:00:00]} 49. Qh4 {[%emt 0:00:10]} Kh7 {[%emt 0:00:00]} 50. Kh2 {[%emt 0:01:39]} Nh6 {[%emt 0:00:00]} 51. Bxd6 {[%emt 0:00:43]} Nf7 {[%emt 0:00:00]} 52. Be7 {[%emt 0:00:27]} Qb6 {[%emt 0:00:00]} 53. d6 {[%emt 0:02:04]} Nxd6 {[%emt 0:00:00]} 54. Qf6 {[%emt 0:00:16]} Nc4 {[%emt 0:00:00]} 55. Qf5+ {[%emt 0:00:16]} 1-0

[Event "NOR-chT Eliteserien 2018-19"]
[Site "Norway"]
[Date "2019.01.13"]
[Round "6"]
[White "Ogaard, Leif"]
[Black "Gabrielsen, Stig"]
[Result "1-0"]
[WhiteElo "2382"]
[BlackElo "2278"]
[Annotator "NA"]
[PlyCount "81"]
[EventDate "2018.11.02"]
[EventType "team-tourn"]
[EventCountry "NOR"]
[SourceTitle "playchess.com"]
[Source "ChessBase"]
[SourceQuality "1"]
[TimeControl "40/5400+30:1800+30"]

1. c4 {[%emt 0:00:00]} Nf6 {[%emt 0:00:10]} 2. Nf3 {[%emt 0:00:02]} g6 {[%emt 0:00:18]} 3. Nc3 {[%emt 0:00:16]} Bg7 {[%emt 0:00:19]} 4. d4 {[%emt 0:00:07]} d5 {[%emt 0:00:28]} 5. Bf4 {[%emt 0:00:21]} O-O {[%emt 0:00:22]} 6. e3 {[%emt 0:00:05]} c5 {[%emt 0:00:57]} 7. dxc5 {[%emt 0:00:15]} Qa5 {[%emt 0:00:54]} 8. Rc1 {[%emt 0:00:21]} dxc4 {[%emt 0:00:11]} 9. Bxc4 {[%emt 0:00:08]} Qxc5 {[%emt 0:01:15]} 10. Bb3 {[%emt 0:00:10]} Qa5 {[%emt 0:00:42]} 11. O-O {[%emt 0:00:23]} Nc6 {[%emt 0:00:05]} 12. h3 {[%emt 0:08:55]} Qa6 {[%emt 0:10:16]} 13. Ne5 {[%emt 0:10:25]} Nxe5 {[%emt 0:18:52]} 14. Bxe5 {[%emt 0:00:59]} Be6 {[%emt 0:01:19]} 15. Bd4 {[%emt 0:19:22]} Rfd8 {[%emt 0:12:52]} 16. Bxe6 {[%emt 0:02:45]} Qxe6 {[%emt 0:00:08]} 17. Qf3 {[%emt 0:02:42]} a6 {[%emt 0:08:28]} 18. Qxb7 {[%emt 0:14:07]} Rab8 {[%emt 0:06:47]} 19. Qc7 {[%emt 0:03:49]} Ne8 {[%emt 0:01:20]} 20. Qa5 {[%emt 0:11:35]} Bxd4 {[%emt 0:01:05]} 21. exd4 {[%emt 0:00:09]} Rxd4 {[%emt 0:01:50]} 22. Rfe1 {[%emt 0:00:32]} Qd6 {[%emt 0:10:08]} 23. Ne4 {[%emt 0:10:11]} Qf4 {[%emt 0:09:14]} 24. g3 {[%emt 0:03:37]} Qf5 {[%emt 0:03:20]} 25. Qxf5 {[%emt 0:03:52]} gxf5 {[%emt 0:00:09]} 26. Nc5 {[%emt 0:00:23]} Rxb2 {[%emt 0:00:19]} 27. Rxe7 {[%emt 0:00:18]} Nd6 {[%emt 0:00:20]} 28. Nb3 {[%emt 0:02:33]} Ra4 {[%emt 0:07:04]} 29. Rd7 {[%emt 0:00:56]} Nb5 {[%emt 0:01:24]} 30. Nc5 {[%emt 0:01:26]} Raxa2 {[%emt 0:00:15]} 31. Ne6 {[%emt 0:00:13]} h6 {[%emt 0:01:14]} 32. Rc8+ {[%emt 0:00:13]} Kh7 {[%emt 0:00:10]} 33. Rxf7+ {[%emt 0:00:46]} Kg6 {[%emt 0:00:08]} 34. Rcf8 {[%emt 0:00:22]} Rxf2 {[%emt 0:02:25]} 35. Nf4+ {[%emt 0:01:20]} Rxf4 {[%emt 0:00:30]} 36. gxf4 {[%emt 0:00:07]} Nd4 {[%emt 0:00:05]} 37. Rf6+ {[%emt 0:00:48]} Kh5 {[%emt 0:00:09]} 38. Rg8 {[%emt 0:00:49]} a5 {[%emt 0:01:18]} 39. Kf1 {[%emt 0:01:49]} a4 {[%emt 0:00:11]} 40. Rh8 {[%emt 0:01:02]} Kh4 {[%emt 0:00:17]} 41. Rg6 {[%emt 0:01:54]} 1-0